| 000 | 00928 a2200217 4500 | ||
|---|---|---|---|
| 999 |
_c10852 _d10852 |
||
| 020 | _a9781032241470 (pbk) | ||
| 050 | 0 | 0 |
_aKZ7075 _bQUI 2019 |
| 100 | 1 |
_aQuirico, Ottavio, _eauthor. |
|
| 245 | 1 | 0 |
_aInternational 'criminal' responsibility : _bantinomies / _cOttavio Quirico. |
| 264 | 1 |
_aNew York, NY : _bRoutledge, _c2019. |
|
| 300 | _axl, 255 pages ; | ||
| 336 |
_atext _btxt _2rdacontent |
||
| 337 |
_aunmediated _bn _2rdamedia |
||
| 338 |
_avolume _bnc _2rdacarrier |
||
| 504 | _aIncludes bibliographical references (pages 219-239) and index. | ||
| 505 | 0 | _aFrom monism to dualism -- Breach of a primary norm : offence -- Secondary norms : dispute settlement, sanctions and enforcement. | |
| 650 | 0 | _aCriminal liability (International law) | |
| 650 | 0 | _aCrimes against humanity (International law). | |
| 942 |
_2lcc _cBK _h7075 _iQUI _kKZ |
||